Не вертайтесь, літа мої... (Запис № 580637)

МАРК-запис
000 -Лідер
fixed length control field 01649 a2200265 4500
001 - Контрольний номер
control field 2162214035926770
003 - Ідентифікатор контрольного номера
control field UA-OsUOA
005 - Дата та час останнього входження (трансакції)
control field 20260504115817.0
008 - Елементи даних фіксованої довжини – загальна інформація
fixed length control field 260504b un co||| |||| 00| pdukr d
020 ## - Міжнародний стандартний книжковий номер (ISBN)
Міжнародний стандартний книжковий номер (ISBN) (НП) 9669550092
040 ## - Джерело каталогізації
Агенція оригінальної каталогізації UA-OsUOA
Мова каталогізації ukr
Агенція, яка здійснювала перезапис UA-OsUOA
Агенція, яка здійснювала модифікацію UA-OsUOA
041 ## - Код мови
Код мови тексту/ звукової доріжки чи окремого заголовка (П) ukr
080 ## - Індекс Універсальної десяткової класифікації
Індекс Універсальної десяткової класифікації (УДК) (НП) 821.161.2
090 ## - Локальний шифр розміщення
Класифікаційний індекс УДК 821.161.2
Авторський знак (НП) В67
100 ## - Основне введення – ім’я особи
Ім’я особи (НП) Волинець М.
9 (RLIN) 25160
245 ## - Відомості про назву
Назва (НП) Не вертайтесь, літа мої...
Дані про відповідальність (НП) Михтодь Волинець
260 ## - Публікація, розповсюдження і т.п. (Вихідні дані)
Місце публікації, розповсюдження і т.п. (П) Житомир
Ім’я/ наймення видавництва, розповсюджувача і т.п. (П) АСА
Дата публікації, розповсюдження і т.п. (П) 1999
300 ## - Фізичний опис
Обсяг 94 с.
490 ## - Область серії
Назва серії Бібліотека журналу "КОСЕНЬ"
Позначення і номер тому / порядкове позначення Вип. 1
520 ## - Резюме і т.п.
Резюме, реферат, анотація, тощо (НП) Найнаснажливіше зі слів - те, що з вистражданих, ціною неймовірних випробувань перевірених. Поезії Михтодя Волинця тим і незвичайні, що автор плекав їх нерідко на грані життя і смерті, коли з почуттями не лукавлять. Художньо-публіцистична образність, хай, може, й специфічна, теж не з ряду помірних. І ця пекча збірка, думається, не лише суто особистісна, - то значною мірою, книга життя чи не цілого покоління авторових сучасників...
650 ## - Додаткове предметне введення – тематичний термін
Тематичний термін чи географічна назва, як елемент введення (НП) 82 Література. Літературознавство
9 (RLIN) 15
942 ## - Додаткові елементи входу (Коха)
Тип елемента Koha Книги
Source of classification or shelving scheme Universal Decimal Classification
955 ## - Код типу видання за змістом
Код типу видання за змістом (НП) Літературно-художні видання
Фонди
Стан вилучень Стан втрат Джерело класифікації або схеми стелажів Стан уражень Не для кредиту Код колекції Постійне місце розташування Поточне розміщення Дата придбання Джерело придбання Вартість, звичайна ціна покупки Інвентарний номер Усього замовленно Повний номер виклику Штрих-код Дата останнього перегляду Вартість, ціна заміни Ціна ефективна від Тип елемента Koha Примітка, призначена для загального доступу
    Universal Decimal Classification     Колекція Шевчука Валерія АБ - Абонемент НБ АБ - Абонемент НБ 04/05/2026 Акт №24/28.04.2026 15.00 169894   821.161.2 В67 169894 04/05/2026 15.00 04/05/2026 Книги З автографом автора